| 000 | 00740nam a2200145Ia 4500 | ||
|---|---|---|---|
| 008 | 171212s9999 xx 000 0 und d | ||
| 020 | _a9781925021479 | ||
| 100 | _aKusworo, Ahmad | ||
| 245 |
_cKusworo, Ahmad _aPursuing Livelihoods, Imagining Development _bSmallholders in Highland Lampung, Indonesia |
||
| 260 |
_bANU E Press _c2014 |
||
| 440 | _aAsia-Pacific Environment Monographs | ||
| 650 | _aFarms, Small -- Indonesia -- Lampung; Village communities -- Economic aspects -- Indonesia -- Lampung; Agriculture and state -- Indonesia -- Lampung; Agriculture -- Economic aspects -- Indonesia -- Lampung; Land use, Rural -- Indonesia -- Lampung; Lampung | ||
| 650 | _aPolitical Science | ||
| 856 | _uhttp://www.jstor.org/stable/j.ctt5vj72v | ||
| 999 |
_c351282 _d351282 |
||